Fareler ve insanlar üzerine/ (Record no. 13975)

MARC details
000 -BAŞLIK
Sabit Uzunlukta Kontrol Alanı 00691nam a22002297a 4500
999 ## - SİSTEM KONTROL NUMARALARI (KOHA)
Koha Biblionumber 13975
Koha Biblioitemnumber 13975
001 - KONTROL NUMARASI
Denetim Alanı 24158
003 - KONTROL NUMARASI IDENTIFIER
Denetim Alanı MIRAKIL
005 - SON İŞLEM TARİHİ VE ZAMANI
Denetim Alanı 20220512152653.0
008 - SABİT-BOY VERİ ELEMANLARI - GENEL BİLGİLER
Sabit Uzunlukta Kontrol Alanı 200826b tu ||||| |||| 00| 0 tur d
040 ## - KATALOGLAMA KAYNAK
Orijinal Kataloglama Ajansı TR-AnCHP
Kataloglama Dili tur
Metne Dönüştürmek Ajansı TR-AnCHP
041 ## - DİL KODU
Metin / Ses Parça Veya Ayrı Başlığın Dil Kodu tur
082 ## - DEWEY ONLU SINIFLANDIRMA NUMARASI
Sınıflandırma Numarası 828.35
Ürün Numarası S73f 1967
100 ## - ANA GİRİŞ - KİŞİSEL İSİM
Kişisel Ad Steinbeck, John
245 ## - BAŞLIK TABLOSU
Başlık Fareler ve insanlar üzerine/
Sorumluluk Tablosu, Vb John Steinbeck; çeviren: Melih Cevdet Anday.
260 ## - YAYIN, DAĞITIM, VB
Yayın, Dağıtım, Vb Yeri İstanbul:
Yayıncı, Dağıtıcı, Vs Adı Yankı Yayınları,
Yayın, Dağıtım, Vb Tarihi 1967.
Üretici Firma Yaylacık Matbaası.
300 ## - FİZİKSEL TANIM
Kapsam 131 s.:
Boyutlar 18 sm.
490 0# - SERİSİ TABLOSU
Seri Beyanı Yankı Yayınları;
Hacim / Ardışık Tanımı Seri No.15.
650 ## - KONU KATMA GİRİŞ - TOPİKAL DÖNEM
Topikal Süreli Veya Coğrafi Ad Giriş Elemanı Amerikan Edebiyatı
Genel Alt Bölümü Roman
700 1# - KATMA GİRİŞ - KİŞİSEL İSİM
Kişisel Ad Anday, Melih Cevdet
Relator Terim çev.
9 (RLIN) 2613
942 ## - EKLENDİ GİRİŞ ELEMANLARI (KOHA)
Sınıflandırma Veya Raf Düzeni Kaynak Dewey Decimal Classification
Koha Öğesi Türü Books
999 ## - SİSTEM KONTROL NUMARALARI (KOHA)
Koha Biblioitemnumber 13975
Holdings
Kalıcı Konum Mevcut Konum Edinme Tarihi Toplam Check-Out'Lar Tam Çağrı Numarası Barkod Tarih Son Görülme İtibaren Geçerli Fiyatlar Sigara Kamu Notu Koha Öğesi Türü
CHP Kütüphanesi CHP Kütüphanesi 08/26/2020   828.35 S73f 1967 019463 08/26/2020 08/26/2020 Emine Başak Alkan Bağışıdır. Books